000 00772nam a2200217 i 4500
001 146910
003 ES-MaACL
005 20230906201728.0
007 t|
008 070919s1957 sp ao |||| |bspa d
080 _a929 Bernadette Soubirous, Santa
100 1 _aTrochu, Francis.
_9111475
245 1 0 _aSanta Bernardita /
_ctexto, Francis Trochu ; presentación, Pierre Marie Théas ; versión y epílogo, Andrés E. de Manaricúa ; fotografías, Leonard von Matt.
260 _a[Bilbao] :
_bDesclée de Brouwer,
_c1957.
300 _a297 p. :
_bil. ;
_c24 cm.
600 1 4 _aBernadette Soubirous
_cSanta.
_9163489
700 1 _aThéas, Pierre Marie.
_9109882
700 1 _aManaricúa, Andrés E. de.
_9213056
852 _aES-MaACL
_jC-13253
999 _c146910
_d146910